Handbook of Print Journalism (Record no. 9608)

MARC details
000 -LEADER
fixed length control field 00456nam a22001697a 4500
005 - DATE AND TIME OF LATEST TRANSACTION
control field 20260406171332.0
008 - FIXED-LENGTH DATA ELEMENTS--GENERAL INFORMATION
fixed length control field 260406b |||||||| |||| 00| 0 eng d
020 ## - INTERNATIONAL STANDARD BOOK NUMBER
International Standard Book Number 9788199024816
041 ## - LANGUAGE CODE
Language English
082 ## - DEWEY DECIMAL CLASSIFICATION NUMBER
Classification number 070.4 RAH
100 ## - MAIN ENTRY--PERSONAL NAME
Main Author Name Rahi, Baninder
245 ## - TITLE STATEMENT
Title Handbook of Print Journalism
260 ## - PUBLICATION, DISTRIBUTION, ETC.
Place of publication New Delhi
publisher Name LG Publications
Date of publication 2025
300 ## - PHYSICAL DESCRIPTION
Number Of Page 160p.
650 ## - SUBJECT ADDED ENTRY--TOPICAL TERM
Keyword Journalism, Print Journalism
Subject Journalism, Print Journalism
942 ## - ADDED ENTRY ELEMENTS (KOHA)
Koha item type Reference Book
Holdings
Lost status Source of classification or shelving scheme Not for loan Home library Current library Date last seen Koha item type School Inventory number Total Checkouts Full call number Barcode Copy number Uniform Resource Identifier Cost, replacement price Price effective from Withdrawn status Shelving location Date acquired Source of acquisition Cost, normal purchase price Bill Date Bill No Net Amount
  Dewey Decimal Classification   BGU Central Library BGU Central Library 06/04/2026 Reference Book School of Communication 1   070.4 RAH 13371 1 https://aakarbooks.com/product/handbook-of-print-journalism/?srsltid=AfmBOoq0thFZUIjmidhrjwl-ZWtrXXORQznQIoQYBB6s8ptG9CNvW-yk 495.00 06/04/2026   R.1.S.32 06/04/2026 Amazon 495.00 31/03/2026 EWUG3802 495
  Dewey Decimal Classification   BGU Central Library BGU Central Library 06/04/2026 Reference Book School of Communication 1   070.4 RAH 13372 2 https://aakarbooks.com/product/handbook-of-print-journalism/?srsltid=AfmBOoq0thFZUIjmidhrjwl-ZWtrXXORQznQIoQYBB6s8ptG9CNvW-yk 495.00 06/04/2026   R.1.S.32 06/04/2026 Amazon 495.00 31/03/2026 EWUG3802 495

Maintained and Designed by
2cqr automation private limited, Chennai. All Rights Reserved.

You are Visitor Number

PHP Hits Count